000 00598nam a22001937a 4500
005 20150923154330.0
010 _aENG-113734
020 _a9789383945009
_c240.00
035 _aEN- 97266
037 _bDBAD/PUB
082 _a510.3
245 _aDictionary of mathematics /
_cedited & compiled by by Dinesh Tiwari [and] Indu Kain
260 _aNew Delhi
_bChord Education of India
_c2014
270 _aC-5/136, New Kondli, Mayur Vihar-3
_bNew Delhi
_e110096
300 _a196p.
_c22cm(pbk)
700 _aTiwari, Dinesh
700 _aKain, Indu
942 _2ddc
_cEN
_mDIC
_h510.3
999 _c95341
_d95341